Polyfunkčný dom Záhorská Bystrica

Enregistré dans:
Détails bibliographiques
Auteur principal: Danišová, Patrícia (Auteur)
Autres auteurs: Somorová, Viera (Directeur de thèse)
Format: Manuscrit Livre
Langue:slovaque
Publié: 2017
Sujets:
Accès en ligne:http://is.stuba.sk/zp/portal_zp.pl?podrobnosti=125045
https://opac.crzp.sk/?fn=detailBiblioForm&sid=CBCDB6E5622FB9C0D1514228BE80
Tags: Ajouter un tag
Pas de tags, Soyez le premier à ajouter un tag!

MARC

LEADER 00000ntm a22000003a 4500
001 stuzp63981
003 SK-STU
005 20230809142807.4
007 ta
008 150427s2015----xo-----f-mn---000-0-slo-d
040 |a STU  |b slo 
041 0 |a slo 
100 1 |a Danišová, Patrícia  |u 010270  |4 aut  |U SvF Stavebná fakulta  |T SvF Katedra technológie stavieb  |X 54721  |U V270  |Y 28  |7 54721 
242 0 1 |a Multifunctional house Záhorská Bystrica  |y eng 
245 1 0 |a Polyfunkčný dom Záhorská Bystrica 
260 |c 2017 
650 4 |a stavebný odpad  |2 slo 
650 4 |a časový plán  |2 slo 
650 4 |a projekt organizácie výstavby  |2 slo 
650 4 |a Time frame  |2 eng 
650 4 |a Construction managment plan  |2 eng 
650 4 |a Waste management  |2 eng 
700 1 |a Somorová, Viera  |u 010270  |k Z1  |4 ths  |U SvF Stavebná fakulta  |T SvF Katedra technológie stavieb  |X 672  |U V270  |Y 28  |7 A000000672 
856 4 |u http://is.stuba.sk/zp/portal_zp.pl?podrobnosti=125045 
856 4 |u https://opac.crzp.sk/?fn=detailBiblioForm&sid=CBCDB6E5622FB9C0D1514228BE80